000 00982cam a22002894a 4500
001 15734306
003 NUST
005 20211014163113.0
008 090512s2008 nyua b 001 0 eng
010 _a 2009419143
020 _a0198060165
038 _aKhadija
040 _aDLC
_cDLC
_dDLC
050 0 0 _aTJ163.12
_b.S634 2008
082 _a621
_bSMA
100 1 _aSmaili, A. 7 Mrad , F.
_q(Ahmad)
_918888
245 1 0 _aMECHATRONICS \
_bintegrated technologies for intelligent machines /
_cA. Smaili, F. Mrad.
260 _aNew York :
_bOxford University Press,
_c2015.
300 _axviii, 717 p. :
_bill. ;
_c24 cm.
504 _aIncludes bibliographical references (p. 706-709) and index.
563 _aPB
650 0 _aMechatronics
_vTextbooks.
_918889
700 1 _aMrad, F.
_q(Fouad)
_918890
906 _a7
_bcbc
_corigres
_d2
_encip
_f20
_gy-gencatlg
942 _2ddc
_cBK
999 _c527559
_d527559